Tilmansai ir ju̧ palikimas Kaune

Titel: Tilmansai ir ju̧ palikimas Kaune / Aldona Snitkuvienė
Verfasser:
Veröffentlicht: Kaunas : Nacionalinis M.K. Čiurlionio dailes muziejus, 2018
Umfang: 237 Seiten : Illustrationen
Format: Buch
Sprache: Litauisch
Schlagworte:
ISBN: 9789955471677
Buchumschlag
X
alg: 45657684
001A    $03025:06-12-19 
001B    $03004:26-05-25 $t16:07:23.000 
001D    $03025:06-12-19 
001U    $0utf8 
001X    $00 
002@    $0Aau 
002C    $aText $btxt $2rdacontent 
002C    $aunbewegtes Bild $bsti $2rdacontent 
002D    $aohne Hilfsmittel zu benutzen $bn $2rdamedia 
002E    $aBand $bnc $2rdacarrier 
003@    $0456576843 
003O    $01137821464 $aOCoLC 
004A    $A978-9955-471-67-7 
007A    $0456576843 $aHEB 
010@    $alit 
010E    $erda 
011@    $a2018 
013D    $RKatalog $#Exhibition catalogs $#Expositions $#Cataloghi di esposizioni $#Ausstellungskatalog $74135467-9 $8Ausstellungskatalog [Tsz] $9085499846 $zKaunas 
013D    $RBuch $RBildliche Darstellung $#Abbildungen Formschlagwort $#Ansichtspostkarte Formschlagwort $#Bildatlas $#Bilddokumente $#Bilder Formschlagwort $#Bildmaterial Formschlagwort $#Ansichten Formschlagwort $#Bildsammlung $#Abbildungswerk $#Illustrationswerk $#Photographien-Bildband $#Fotographien-Bildband $#Bildbände $74145395-5 $8Bildband [Ts1] $9085578738 
021A    $aTilmansai ir ju̧ palikimas Kaune $hAldona Snitkuvienė 
028A    $BVerfasser $#Bricaitė-Snitkuvienė, Aldona $#Snitkuvienė, Aldona Bricaitė- $4aut $714018547X $8Snitkuvienė, Aldona$Z1945- [Tp1] $9219453160 
033A    $pKaunas $nNacionalinis M.K. Čiurlionio dailes muziejus 
034D    $a237 Seiten 
034M    $aIllustrationen 
037A    $aLiteraturverzeichnis Seite 228-230 
039U    $aRezensiert in $8--Aou--Hermann, Arthur$Z1944- [Tp1]. [Aldona Snitkuvienė: Tilmansai ir ju̧ palikimas], 2019 $9456578021 
044K    $#Tilmansas  $#Til'mans  $7189523786 $8$PTillmanns$lFamilie : 1800-1941 [Tp1] $9284909041 
044K    $RLitovskaja Gubernija $RLitauische Sozialistische Sowjetrepublik $#Litauen $#Litauen $#Litauen $#Lithuania $#Lietuvos Respublika $#République Lithuanienne $#Lithuanie $#Litva 1918 - 1940, 1991, 9 - $#Litovskaja Respublika $#Lithuania 1918 - 1940, 1991, 9 - $#Republik Litauen $#Republic of Lithuania $#Lithuanian Republic $#Litauische Republik $#Lietuva $#Litwa $74074266-0 $8Litauen [Tg1] $9085209074 
044K    $#Kaunas $#Kowno $#Kauen Litauen $#Kovno $#Kauen $#Kaunus $#Kowna $#קובנא $74217158-1 $8Kaunas [Tg1] $9086119346 
044K    $RMetallurgie $RMetallbearbeitung $#Metal-work $#Travail des métaux $#Metall Verarbeitung $74122282-9 $8Metallverarbeitung [Ts1] $9085399604 
044K    $RBürgertum $RPatriziat $#Middle class $#Bourgeoisie $74121386-5 $8Großbürgertum [Ts1] $9085392340 
044K    $RUnveröffentlichtes Werk $RVorlass $#Nachlässe $74123811-4 $8Nachlass [Ts1] $9085410543 
044K    $REigentumsentziehung $RKonfiskation $REnteignender Eingriff $REnteignungsgleicher Eingriff $RMaterielle Enteignung $#Eminent domain $#Expropriation $#Espropriazione $#Expropiación forzosa $#expropriation $#Enteignung $#Enteignung $#Enteignung $#Enteignung $#Enteignung ausländischen Eigentums $#Enteignungsrecht $#Expropriation $74014843-9 $8Enteignung [Ts1] $9085033626 
045F    $a929.09479309034 $eDDC23BSB 
045F/01 $a929 
045F/03 $f09034 
045F/03 $f0904 
045F/03 $g4793 
045R    $aGeschichte 1800-1941 
046L    $aZusammenfassung in deutscher Sprache; Inhaltsverzeichnis auch deutsch 

lok: 45657684 24

exp: 45657684 24 1 #EPN
201B/01 $026-05-25 $t16:06:18.000 
201C/01 $006-02-25 
201U/01 $0utf8 
203@/01 $01291136525 
208@/01 $a26-05-25 $bz 
209A/01 $a25.01385 $du $f050 $h25 01385 $x00 
209C/01 $a25.01385 K $h25 01385 K 
209G/01 $a74860443 $x00 
220C/01 $acer 
247C/01 $8358050-7 Marburg, Bibliothek des Herder-Instituts Marburg $9102600961 

lok: 45657684 78

exp: 45657684 78 1 #EPN
201B/01 $006-12-19 $t14:24:32.000 
201C/01 $006-12-19 
201U/01 $0utf8 
203@/01 $01072165627 
208@/01 $a06-12-19 $be 
209A/01 $a/ $f000 $x00 
209A/01 $ab*p $x01 
220C/01 $akoe 
247C/01 $82080>Marburg/Lahn, Herder-Institut, Forschungsbibliothek, Bibliographieportal $9336309341
LEADER 00000cam a2200000 c 4500
001 456576843
003 DE-603
005 20250526160723.0
007 tu
008 191206s2018 xx |||| | u00||u|lit c
020 |a 9789955471677 
035 |a (DE-599)HEB456576843 
035 |a (OCoLC)1137821464 
040 |a DE-603  |b ger  |c DE-603  |d DE-603  |e rda 
041 |a lit 
082 0 4 |8 1\u  |a 929.09479309034  |q DE-101  |2 23/BSB 
085 |8 1\u  |b 929 
085 |8 1\u  |z 1  |s 09034 
085 |8 1\u  |z 1  |s 0904 
085 |8 1\u  |z 2  |s 4793 
100 1 |a Snitkuvienė, Aldona  |d 1945-  |e Verfasser  |4 aut  |0 (DE-603)219453160  |0 (DE-588)14018547X  |2 gnd 
245 0 0 |a Tilmansai ir ju̧ palikimas Kaune  |c Aldona Snitkuvienė 
264 1 |a Kaunas  |b Nacionalinis M.K. Čiurlionio dailes muziejus  |c 2018 
300 |a 237 Seiten  |b Illustrationen 
336 |a Text  |b txt  |2 rdacontent 
336 |a unbewegtes Bild  |b sti  |2 rdacontent 
337 |a ohne Hilfsmittel zu benutzen  |b n  |2 rdamedia 
338 |a Band  |b nc  |2 rdacarrier 
500 |a Literaturverzeichnis Seite 228-230 
546 |a Zusammenfassung in deutscher Sprache; Inhaltsverzeichnis auch deutsch 
600 3 7 |a Tillmanns  |c Familie : 1800-1941  |0 (DE-588)189523786  |0 (DE-603)284909041  |2 gnd 
648 7 |a Geschichte 1800-1941  |2 gnd 
650 7 |a Metallverarbeitung  |0 (DE-588)4122282-9  |0 (DE-603)085399604  |2 gnd 
650 7 |a Großbürgertum  |0 (DE-588)4121386-5  |0 (DE-603)085392340  |2 gnd 
650 7 |a Nachlass  |0 (DE-588)4123811-4  |0 (DE-603)085410543  |2 gnd 
650 7 |a Enteignung  |0 (DE-588)4014843-9  |0 (DE-603)085033626  |2 gnd 
651 7 |a Litauen  |0 (DE-588)4074266-0  |0 (DE-603)085209074  |2 gnd 
651 7 |a Kaunas  |0 (DE-588)4217158-1  |0 (DE-603)086119346  |2 gnd 
655 7 |a Ausstellungskatalog  |z Kaunas  |2 gnd-content  |0 (DE-588)4135467-9  |0 (DE-603)085499846 
655 7 |a Bildband  |2 gnd-content  |0 (DE-588)4145395-5  |0 (DE-603)085578738 
787 0 8 |i Rezensiert in  |a Hermann, Arthur, 1944-  |t [Aldona Snitkuvienė: Tilmansai ir ju̧ palikimas]  |w (DE-603)456578021 
924 0 |9 Mb 50  |a (DE-603)1291136525  |b DE-Mb50  |c HES  |d c  |g 25.01385 
924 0 |9 2080  |a (DE-603)1072165627  |b DE-2080  |c HES  |d d  |g /